Phân bố các nhóm huyết thanh và đặc điểm di truyền của vi khuẩn Escherichia coli gây bệnh trên vịt tại một số tỉnh ở Đồng bằng sông Cửu Long : Luận văn tốt nghiệp Cao học. Chuyên ngành Thú y

Khảo sát sự lưu hành nhóm huyết thanh vi khuẩn E. coli quan trọng trên vịt ở Đồng bằng sông Cửu Long, sự lưu hành của một số gene mã hóa yếu tố độc lực và đề kháng kháng sinh của vi khuẩn E. coli.

Gespeichert in:
Bibliographische Detailangaben
1. Verfasser: Đoàn, Trần Loan Anh
Format: Buch
Sprache:Undetermined
Veröffentlicht: Cần Thơ Trường Đại học Cần Thơ 2018
Schlagworte:
Tags: Tag hinzufügen
Keine Tags, Fügen Sie den ersten Tag hinzu!
Thư viện lưu trữ: Trung tâm Học liệu Trường Đại học Cần Thơ
LEADER 01242nam a2200229Ia 4500
001 CTU_228585
008 210402s9999 xx 000 0 und d
082 |a 636.597089 
082 |b A107 
088 |a 8640101 
100 |a Đoàn, Trần Loan Anh 
245 0 |a Phân bố các nhóm huyết thanh và đặc điểm di truyền của vi khuẩn Escherichia coli gây bệnh trên vịt tại một số tỉnh ở Đồng bằng sông Cửu Long : 
245 0 |b Luận văn tốt nghiệp Cao học. Chuyên ngành Thú y 
245 0 |c Đoàn Trần Loan Anh ; Hồ Thị Việt Thu (Cán bộ hướng dẫn) 
260 |a Cần Thơ 
260 |b Trường Đại học Cần Thơ 
260 |c 2018 
520 |a Khảo sát sự lưu hành nhóm huyết thanh vi khuẩn E. coli quan trọng trên vịt ở Đồng bằng sông Cửu Long, sự lưu hành của một số gene mã hóa yếu tố độc lực và đề kháng kháng sinh của vi khuẩn E. coli. 
650 |a Poultry,Gia cầm 
650 |x Diseases,Bệnh 
910 |b nthai 
980 |a Trung tâm Học liệu Trường Đại học Cần Thơ